000 00358nam a2200181Ia 4500
100 _aForouzan/Behrouz A
650 _aTCP/IP
250 _a3
942 _cBK
366 _f25
654 _aTCP/IP
245 _aTCP/IP Protocol suite
260 _bTata McGraw Hill
_c2006
082 _a4.62
_bFOR
300 _a861
546 _aENGLISH
999 _c29426
_d29426